Science Quiz

Random Science or Elements Quiz

Odd One Out - Science Quiz Stats

 Plays Quiz Updated Apr 22, 2019

Score 0/10 Timer 05:00
6 Plays Today
Question Answer Wrong Answers
Which of these is not a chemical element? Bruno Mars is not a chemical element
92.2%
Iron
1.3%
(Freddie) Mercury
3.9%
Nickel
2.4%
Which of these is not a planet? India is not a planet
87.6%
Jupiter
2%
Mars
5.9%
Venus (Williams)
3.5%
Which of these is not a weather phenomenon? Crown is not a weather phenomenon
85.3%
Rain
8.5%
(Jon) Snow
1.9%
Storm
2.4%
Which of these is not a bird? Pump is not a bird
84%
Crane
2.5%
(Peter) Finch
11.7%
Robin
1.8%
Which of these is not a body part? Bell is not a body part
82.5%
Calf
3.4%
Chest
3.3%
(Anthony) Head
7.6%
Which of these is not a manned NASA space mission? Pope Francis is not a NASA space mission
78.1%
Apollo (Creed)
5.9%
Gemini
6.8%
Mercury
6.7%
Which of these is not an insect? Green Goblin is not an insect
69.8%
(Volkswagen) Beetle
3.9%
Butterfly
14.4%
Cricket
8.6%
Which of these is not a taxonomic rank? Street is not a taxonomic rank
66.9%
Class
6.6%
Family
7%
Order
17.1%
Which of these is not a SI unit? Deer is not a SI unit
37.7%
Henry
33%
Mole
8.3%
Second
20%
Which of these is not a fish? Coat is not a fish
34.3%
Haddock
18.8%
Pollock
14.5%
Sole
30.7%

You're not logged in!

Compare scores with friends on all Sporcle quizzes.
OR
Log In

Show Comments

Extras

Top Quizzes Today


Score Distribution

Your Account Isn't Verified!

In order to create a playlist on Sporcle, you need to verify the email address you used during registration. Go to your Sporcle Settings to finish the process.

Report this User

Report this user for behavior that violates our Community Guidelines.

Details: